000 00289nam a2200121Ia 4500
005 20251222144856.0
008 251222s9999||||xx |||||||||||||| ||spa||
082 _a343.052/I97/2004/T.2
100 _aIza Stoll, Fernando
245 0 _aTeoria y Práctica:
264 _bTinco
942 _cLIB
999 _c21800
_d21800